[Event "Championnat de Paris Open A"]
[Site "Paris"]
[Date "2012.07.10"]
[Round "4.73"]
[White "Filandre, Alain"]
[Black "Derieux, Christian"]
[Result "0-1"]
[WhiteElo "1919"]
[BlackElo "2027"]
[PlyCount "70"]
[EventDate "2012.??.??"]

1. c4 Nf6 2. Nc3 c5 3. Nf3 d5 4. cxd5 Nxd5 5. g3 Nc6 6. Bg2 Nc7 7. d3 e5 8. O-O
Be7 9. a3 O-O 10. Bd2 f6 11. Rc1 b6 12. Ng5 Qe8 13. Qb3+ Kh8 14. Bxc6 Qxc6 15.
Nf7+ Rxf7 16. Qxf7 Bh3 17. f3 Bxf1 18. Kxf1 Bd6 19. Ne4 Rf8 20. Qh5 Be7 21. g4
Ne6 22. h4 Qb5 23. g5 g6 24. Qh6 f5 25. Nf6 Rf7 26. Bc3 Bf8 27. Qxf8+ Nxf8 28.
Bxe5 Rxf6 29. Bxf6+ Kg8 30. Kf2 Ne6 31. b4 Qa4 32. bxc5 Qxh4+ 33. Kg1 Nf4 34.
Rc4 Qg3+ 35. Kf1 Qg2+ 0-1

[Event "Championnat de Paris Open A"]
[Site "Paris"]
[Date "2012.07.10"]
[Round "4.74"]
[White "Massip, Julien"]
[Black "Meslage, Jean"]
[Result "1-0"]
[WhiteElo "2022"]
[BlackElo "1924"]
[PlyCount "65"]
[EventDate "2012.??.??"]

1. e4 e6 2. d4 d5 3. Nc3 Nf6 4. Bg5 Be7 5. e5 Nfd7 6. h4 Nc6 7. Nf3 h6 8. Be3
a6 9. a3 Na5 10. b4 Nc4 11. Bxc4 dxc4 12. Nd2 b5 13. Qg4 g6 14. h5 g5 15. O-O
c6 16. Nce4 Nb6 17. Nc5 Nd5 18. Nde4 O-O 19. Rae1 f5 20. exf6 Nxf6 21. Nxf6+
Bxf6 22. Qe4 Qe8 23. f4 g4 24. f5 Qxh5 25. fxe6 Ra7 26. Rf5 Qg6 27. Ref1 Kg7
28. R5f4 Qxe4 29. Nxe4 Bxe6 30. Nxf6 Kg6 31. d5 Raf7 32. dxe6 Rxf6 33. e7 1-0

[Event "Championnat de Paris Open A"]
[Site "Paris"]
[Date "2012.07.10"]
[Round "4.76"]
[White "Gauthier, Arnaud"]
[Black "Abbas, Talal"]
[Result "1/2-1/2"]
[WhiteElo "1913"]
[BlackElo "2006"]
[PlyCount "40"]
[EventDate "2012.??.??"]

1. d4 Nf6 2. c4 e6 3. Nc3 Bb4 4. e3 b6 5. Bd3 Bb7 6. Nf3 d5 7. O-O dxc4 8. Bxc4
O-O 9. Ne5 Nbd7 10. f4 c5 11. Qe2 Qc7 12. Nb5 Qb8 13. a3 Ba5 14. Nxd7 Nxd7 15.
dxc5 bxc5 16. Rd1 Bc6 17. e4 Nf6 18. e5 Nd5 19. Nd6 Bc7 20. Ne4 Ne7 1/2-1/2

[Event "Championnat de Paris Open A"]
[Site "Paris"]
[Date "2012.07.10"]
[Round "4.77"]
[White "Marin, Frederic-Vincent"]
[Black "Mano, Francois"]
[Result "1-0"]
[WhiteElo "2006"]
[BlackElo "1894"]
[PlyCount "73"]
[EventDate "2012.??.??"]

1. d4 f5 2. c4 g6 3. Nc3 Nf6 4. f3 Bg7 5. Nh3 c6 6. e3 O-O 7. Bd3 d5 8. O-O Na6
9. cxd5 cxd5 10. Qb3 Nc7 11. Bd2 b6 12. Rac1 e6 13. Nb5 Nxb5 14. Bxb5 Bd7 15.
Bd3 Rc8 16. Bb4 Re8 17. Ba6 Rxc1 18. Rxc1 Bf8 19. Bxf8 Rxf8 20. Nf4 Qb8 21. Nd3
Bc8 22. Qa3 Bxa6 23. Qxa6 Ne8 24. Ne5 Nc7 25. Qa4 Qe8 26. Qxa7 Na8 27. a4 Qb8
28. Qxb8 Rxb8 29. Rc6 Re8 30. Kf2 Kg7 31. Nd7 Kf7 32. Nxb6 Nxb6 33. Rxb6 Rc8
34. a5 Ke7 35. b4 Rc3 36. a6 Ra3 37. b5 1-0

[Event "Championnat de Paris Open A"]
[Site "Paris"]
[Date "2012.07.10"]
[Round "4.78"]
[White "De Balmann, Marc"]
[Black "Doebele, Victor"]
[Result "1-0"]
[WhiteElo "1908"]
[BlackElo "1998"]
[PlyCount "71"]
[EventDate "2012.??.??"]

1. d4 Nf6 2. c4 g6 3. Nc3 Bg7 4. e4 d6 5. Be2 O-O 6. Nf3 e5 7. O-O Nc6 8. d5
Ne7 9. Ne1 Ne8 10. Be3 f5 11. f3 f4 12. Bf2 g5 13. c5 Ng6 14. cxd6 cxd6 15. Rc1
Rf7 16. a4 Bf8 17. Nb5 a6 18. Na3 Nf6 19. Nc4 g4 20. Nb6 g3 21. Nxa8 Nh5 22.
Rxc8 gxf2+ 23. Rxf2 Qxc8 24. Nb6 Qc5 25. Qb3 Ng3 26. Bf1 Nh4 27. Nd3 Qe3 28.
Nc4 Qd4 29. Qc3 Qa7 30. a5 Rg7 31. Nb6 Nxf3+ 32. Rxf3 Nxe4 33. Qc8 Nf6 34. Rh3
Nd7 35. Qd8 Nxb6 36. axb6 1-0

[Event "Championnat de Paris Open A"]
[Site "Paris"]
[Date "2012.07.10"]
[Round "4.79"]
[White "Mathieu, Romaric"]
[Black "Dag, Bekhir"]
[Result "1-0"]
[WhiteElo "1997"]
[BlackElo "1886"]
[PlyCount "58"]
[EventDate "2012.??.??"]

1. c4 Nf6 2. g3 e5 3. Bg2 c6 4. d4 Bb4+ 5. Bd2 Bxd2+ 6. Qxd2 exd4 7. Qxd4 O-O
8. Nc3 Qb6 9. Qxb6 axb6 10. Nh3 Na6 11. O-O d5 12. cxd5 cxd5 13. Nf4 d4 14. Nb5
Nb4 15. a3 Nc6 16. Rfd1 Rd8 17. Rac1 Bf5 18. Bxc6 bxc6 19. Nxd4 Be4 20. f3 c5
21. Nb5 Bb7 22. Kf2 g5 23. Nd3 Ba6 24. Nc7 Ra7 25. Nxa6 Rxa6 26. Ne5 Raa8 27.
Nc4 Rxd1 28. Rxd1 b5 29. Nb6 Kg7 1-0

[Event "Championnat de Paris Open A"]
[Site "Paris"]
[Date "2012.07.10"]
[Round "4.80"]
[White "De Marchi, Silverio"]
[Black "Hassine, Daniel"]
[Result "1/2-1/2"]
[WhiteElo "1905"]
[BlackElo "1991"]
[PlyCount "75"]
[EventDate "2012.??.??"]

1. d4 Nf6 2. c4 e6 3. Nc3 Bb4 4. e3 O-O 5. Bd3 d6 6. Nge2 e5 7. O-O Bxc3 8.
Nxc3 Re8 9. f3 Nc6 10. d5 Ne7 11. Bd2 a5 12. Qc2 c6 13. e4 c5 14. a4 Bd7 15.
Nb5 Bxb5 16. axb5 Ng6 17. g3 b6 18. b3 Ra7 19. Be3 h6 20. h4 Nh5 21. Qh2 Rf8
22. Ra2 Qf6 23. b4 Rfa8 24. bxc5 dxc5 25. Ra3 Qe7 26. Rd1 Nf6 27. Bf1 Ne8 28.
h5 Nf8 29. Be2 Nd6 30. g4 Nh7 31. Qg3 Ng5 32. Kg2 Rf8 33. Bd3 Qf6 34. Bc1 Re7
35. Bd2 Kh7 36. Rh1 Kg8 37. Bc1 Rfe8 38. Bd2 1/2-1/2

[Event "Championnat de Paris Open A"]
[Site "Paris"]
[Date "2012.07.10"]
[Round "4.81"]
[White "Sebag, Joel"]
[Black "Jacquet, Stephane"]
[Result "0-1"]
[WhiteElo "1899"]
[BlackElo "1976"]
[PlyCount "104"]
[EventDate "2012.??.??"]

1. c4 e6 2. g3 Nf6 3. Bg2 d5 4. Nf3 Be7 5. O-O O-O 6. b3 c5 7. Bb2 Nc6 8. d3
Qc7 9. Nbd2 d4 10. e3 e5 11. exd4 cxd4 12. Re1 Bf5 13. Ne4 Nxe4 14. dxe4 Bg6
15. a3 a5 16. Qd3 f6 17. Nd2 Rfd8 18. Rf1 Rab8 19. Rac1 Bc5 20. Kh1 Qe7 21. Ra1
Qe6 22. h4 Kh8 23. Kh2 Rf8 24. Bh3 Qe7 25. Bg4 h6 26. h5 Bh7 27. Rfe1 Rf7 28.
Nf3 Qd6 29. Nh4 Ne7 30. Bc1 Rbf8 31. Bf5 Nxf5 32. exf5 Rb8 33. Re4 Qd7 34. Rg4
b5 35. Bd2 bxc4 36. bxc4 a4 37. Rb1 Rxb1 38. Qxb1 d3 39. Ng6+ Bxg6 40. Rxg6
Qxf5 41. Qd1 Qxf2+ 42. Kh3 Qe2 43. Qxe2 dxe2 44. Kg2 Rd7 45. Ba5 Rd1 46. Kf3
e1=Q 47. Bxe1 Rxe1 48. g4 Kh7 49. Kg2 Bxa3 50. g5 hxg5 51. Kf3 Bb4 52. Kg4 Rf1
0-1

[Event "Championnat de Paris Open A"]
[Site "Paris"]
[Date "2012.07.10"]
[Round "4.82"]
[White "Sauvetre, Alain"]
[Black "Jamain, Florian"]
[Result "1-0"]
[WhiteElo "1976"]
[BlackElo "1883"]
[PlyCount "73"]
[EventDate "2012.??.??"]

1. e4 c5 2. d4 cxd4 3. c3 Nf6 4. e5 Nd5 5. Nf3 Nc6 6. Bc4 Nb6 7. Bb3 d5 8. exd6
Qxd6 9. O-O d3 10. Na3 Bf5 11. Nb5 Qd7 12. Be3 e6 13. Nxa7 Nd5 14. Nxc6 bxc6
15. Ne5 Qd6 16. Bd4 Nf4 17. Qf3 Ne2+ 18. Kh1 Nxd4 19. cxd4 Ra6 20. Nxf7 Kxf7
21. Qxf5+ Ke8 22. Rfe1 Be7 23. Qxd3 Ra7 24. Rxe6 Qf4 25. Rae1 Kd8 26. d5 Bd6
27. g3 Qxf2 28. dxc6 Qc5 29. Rxd6+ Kc8 30. Be6+ Kc7 31. Rd7+ Kxc6 32. Rxa7 Qxa7
33. Rc1+ Kb7 34. Qd7+ Ka8 35. Bd5+ Kb8 36. Qd6+ Qc7 37. Qxc7# 1-0

[Event "Championnat de Paris Open A"]
[Site "Paris"]
[Date "2012.07.10"]
[Round "4.83"]
[White "Bensaid, Alexandre"]
[Black "Hauseux, Paul"]
[Result "1-0"]
[WhiteElo "1974"]
[BlackElo "1872"]
[PlyCount "51"]
[EventDate "2012.??.??"]

1. e4 g6 2. d4 Bg7 3. Nc3 d6 4. f4 a6 5. a4 Nd7 6. Nf3 c5 7. d5 Qb6 8. Be2 h5
9. a5 Qc7 10. O-O Nh6 11. h3 b5 12. axb6 Qxb6 13. g3 Bxc3 14. bxc3 Nf6 15. Ng5
Bxh3 16. Nxh3 Nxe4 17. Qe1 c4+ 18. Kg2 Nf5 19. Rf3 Qc5 20. Ra4 Qxd5 21. Bxc4
Qc6 22. Bxf7+ Kxf7 23. Rxe4 Rhe8 24. Re6 Rab8 25. Ng5+ Kg7 26. Rxg6+ 1-0

[Event "Championnat de Paris Open A"]
[Site "Paris"]
[Date "2012.07.10"]
[Round "4.84"]
[White "Sowa, Marcin"]
[Black "Ecalle, Aurelien"]
[Result "0-1"]
[WhiteElo "1974"]
[BlackElo "1856"]
[PlyCount "90"]
[EventDate "2012.??.??"]

1. e4 c6 2. d4 d5 3. exd5 cxd5 4. c4 Nf6 5. Nc3 e6 6. Nf3 Bb4 7. cxd5 Nxd5 8.
Bd2 Nc6 9. Bd3 Nf6 10. Bg5 O-O 11. O-O Be7 12. Re1 Qb6 13. d5 Nb4 14. Bc4 Rd8
15. Qe2 Nfxd5 16. Nxd5 Nxd5 17. Bxd5 Bxg5 18. Nxg5 Rxd5 19. Qh5 Rf5 20. Qxh7+
Kf8 21. Qh8+ Ke7 22. Nh7 Qd8 23. Qxg7 Bd7 24. Rad1 Qh8 25. Qh6 Bc6 26. Qh4+ f6
27. Qh3 Qg8 28. g3 Rd5 29. Rxd5 Bxd5 30. Qh6 Qf7 31. Qd2 Rd8 32. Ng5 fxg5 33.
Qxg5+ Kd7 34. Rc1 Rc8 35. Rd1 Rc2 36. f4 Rg2+ 37. Kf1 Rxh2 38. Rd4 Qh7 39.
Rxd5+ exd5 40. Qxd5+ Kc8 41. Qc5+ Qc7 42. Qf8+ Qd8 43. Qc5+ Kb8 44. Qe5+ Ka8
45. Kg1 Rc2 0-1

[Event "Championnat de Paris Open A"]
[Site "Paris"]
[Date "2012.07.10"]
[Round "4.85"]
[White "Koenig, Joel"]
[Black "Mousa, Medhat"]
[Result "1/2-1/2"]
[WhiteElo "1836"]
[BlackElo "1973"]
[PlyCount "153"]
[EventDate "2012.??.??"]

1. d4 Nf6 2. Nf3 e6 3. Bg5 b6 4. e3 Bb7 5. Bd3 c5 6. c3 Be7 7. O-O Ne4 8. Bxe7
Qxe7 9. Nbd2 Nxd2 10. Nxd2 d5 11. f4 O-O 12. f5 exf5 13. Bxf5 Qxe3+ 14. Kh1 Nc6
15. Rf3 Qg5 16. Qc2 g6 17. Rg3 Qh6 18. Nf3 Ne7 19. Re1 Nxf5 20. Qxf5 Rfe8 21.
Ne5 Qg7 22. Qf2 Re7 23. Rf3 cxd4 24. cxd4 Rf8 25. Rf6 Bc8 26. Rc1 Be6 27. h3
Rc8 28. Rxc8+ Bxc8 29. Rd6 Re8 30. Qh4 Be6 31. Rc6 f6 32. Nf3 Qd7 33. Rc3 Kg7
34. Qg3 Rc8 35. Rxc8 Qxc8 36. Qd6 {=} 36... Qd7 37. Qb8 Bf5 38. Qg3 Qe7 39. a3
Be4 40. Ng1 Qd7 41. Kh2 Kf7 42. Ne2 Ke7 43. Nc3 a6 44. Qf4 {=} 44... g5 45. Qg3
Qd6 46. Qxd6+ Kxd6 47. g3 Bc2 48. Kg2 Bb3 49. Kf3 Ke6 50. Kg4 b5 51. h4 gxh4
52. gxh4 Bc2 53. Kf4 Bg6 54. b4 Kd6 55. Ne2 Ke6 56. Nc3 Bh5 57. a4 Be8 58. axb5
Bxb5 59. Nd1 Kd6 60. Kf5 Ke7 61. Ne3 Bd3+ 62. Kf4 Kd6 63. Ng4 Ke6 64. Ne3 Be2
65. Nc2 Bd3 66. Na1 Bc4 67. Nc2 Kd6 68. Ne3 h5 69. Kf5 Kc6 70. Kxf6 Kb5 71. Ke5
Kxb4 72. Nxd5+ Bxd5 73. Kxd5 a5 74. Ke5 a4 75. d5 a3 76. d6 a2 77. d7 1/2-1/2

[Event "Championnat de Paris Open A"]
[Site "Paris"]
[Date "2012.07.10"]
[Round "4.86"]
[White "Ribaud-Chevrey, Philippe"]
[Black "Ponchel, Claude"]
[Result "1/2-1/2"]
[WhiteElo "2101"]
[BlackElo "1893"]
[PlyCount "74"]
[EventDate "2012.??.??"]

1. Nc3 e6 2. e4 d5 3. Nf3 Nf6 4. e5 Nfd7 5. Ne2 c5 6. c3 Be7 7. d4 O-O 8. a3 b6
9. h4 Ba6 10. g3 Nc6 11. b4 cxd4 12. cxd4 Rc8 13. Rb1 Bc4 14. Bh3 Qc7 15. Be3
Nd8 16. Nf4 b5 17. Nd3 f6 18. exf6 Bxf6 19. O-O Bxd3 20. Qxd3 Nb6 21. Rbc1 Nc4
22. Bf4 Qb6 23. Rfe1 Rc6 24. Rc2 Rf7 25. Rce2 h6 26. Qg6 Bxd4 27. Nxd4 Qxd4 28.
Bxe6 Rxe6 29. Rxe6 Nxe6 30. Rxe6 Rf8 31. Re7 a6 32. Qxa6 Qd1+ 33. Kg2 Nd2 34.
Qe6+ Kh8 35. Bxd2 Qf3+ 36. Kh3 Qh1+ 37. Kg4 Qf3+ 1/2-1/2

[Event "Championnat de Paris Open A"]
[Site "Paris"]
[Date "2012.07.10"]
[Round "4.87"]
[White "Elkaim, Olivier"]
[Black "Renouard, Ludovic"]
[Result "1/2-1/2"]
[WhiteElo "2087"]
[BlackElo "1886"]
[PlyCount "106"]
[EventDate "2012.??.??"]

1. e4 e6 2. d4 d5 3. e5 c5 4. c3 Nc6 5. Nf3 Qb6 6. a3 Nh6 7. b4 c4 8. a4 a6 9.
g3 Bd7 10. Ba3 a5 11. b5 Na7 12. Bxf8 Rxf8 13. Na3 Rc8 14. Bh3 Rc7 15. Qc2 Rh8
16. O-O Kd8 17. Rae1 Bc8 18. Ng5 Re7 19. Qb1 Bd7 20. Re2 Nc8 21. Rfe1 g6 22.
Nc2 Kc7 23. Ne3 Kb8 24. Qc1 Nf5 25. Bxf5 gxf5 26. Ng2 h6 27. Nf3 Ree8 28. Nf4
h5 29. Ng5 Ref8 30. Qa3 Qd8 31. h4 Qe7 32. Qb2 b6 33. Kh2 Rh6 34. Ra1 Rg8 35.
Nfh3 Rgh8 36. Qd2 Rg6 37. Qf4 Rhh6 38. Qf3 Rg8 39. Nf4 Rgh8 40. Ng2 Rg6 41. Nh3
Qe8 42. Nhf4 Rgh6 43. Qe3 Qe7 44. Qc1 Be8 45. Ne3 Qd7 46. Rd2 Ne7 47. Qa3 Kc7
48. Rad1 Kb7 49. Ra1 Rg8 50. Qc1 Rgh8 51. Qd1 Qc7 52. Qf3 Ka7 53. Qd1 Bd7
1/2-1/2

[Event "Championnat de Paris Open A"]
[Site "Paris"]
[Date "2012.07.10"]
[Round "4.88"]
[White "Redjem, Mohamed"]
[Black "Fournier, Dimitri"]
[Result "0-1"]
[WhiteElo "1874"]
[BlackElo "1995"]
[PlyCount "82"]
[EventDate "2012.??.??"]

1. e4 c6 2. d4 d5 3. e5 Bf5 4. Nf3 e6 5. Be2 Nd7 6. O-O Ne7 7. Nbd2 h6 8. Nb3
Bh7 9. c3 Nf5 10. Bd3 Bg6 11. Re1 Be7 12. Bf4 O-O 13. Rc1 c5 14. Bc2 c4 15.
Nbd2 b5 16. b3 cxb3 17. Nxb3 Nb6 18. g4 Nh4 19. Nxh4 Bxc2 20. Rxc2 Bxh4 21. Nc5
Be7 22. Nd3 Rc8 23. Qb1 Nc4 24. Bc1 Qa5 25. Nb4 Rc7 26. Qb3 Rfc8 27. a3 Nb6 28.
Na2 Rc4 29. Rd1 Qa4 30. Qb2 R4c7 31. Rd3 Nc4 32. Qb1 a5 33. f4 Nxa3 34. Bxa3
Bxa3 35. Nc1 Bxc1 36. Qxc1 b4 37. f5 Rxc3 38. Rdxc3 bxc3 39. Qd1 Rb8 40. Qd3
Rb2 41. fxe6 fxe6 0-1

[Event "Championnat de Paris Open A"]
[Site "Paris"]
[Date "2012.07.10"]
[Round "4.89"]
[White "Marcelin, Philippe"]
[Black "Cozette, Michael"]
[Result "1/2-1/2"]
[WhiteElo "1851"]
[BlackElo "1968"]
[PlyCount "86"]
[EventDate "2012.??.??"]

1. d4 Nf6 2. c4 c5 3. d5 g6 4. Nc3 d6 5. e4 Bg7 6. f4 O-O 7. Nf3 e6 8. dxe6
Bxe6 9. Bd3 Re8 10. O-O b5 11. Ng5 Bg4 12. Be2 Bxe2 13. Qxe2 h6 14. e5 Nc6 15.
Nge4 dxe5 16. fxe5 Nxe4 17. Qxe4 Nxe5 18. cxb5 f5 19. Qe2 c4 20. Qc2 Nd3 21. a4
Qd4+ 22. Kh1 Re7 23. Nd1 Rae8 24. Bd2 Re2 25. a5 Qe4 26. Ne3 Qxe3 27. Qxc4+ Qe6
28. Qxd3 Bxb2 29. Rab1 Bg7 30. b6 axb6 31. axb6 Qc6 32. Rg1 R2e7 33. Qb3+ Kh8
34. b7 Rb8 35. Rgc1 Qxb7 36. Qa2 Qa8 37. Rxb8+ Qxb8 38. Qa6 Rc7 39. Rxc7 Qxc7
40. Qxg6 Qe5 41. Qb6 Qe2 42. Qe3 Qf1+ 43. Qg1 Qxg1+ 1/2-1/2

[Event "Championnat de Paris Open A"]
[Site "Paris"]
[Date "2012.07.10"]
[Round "4.90"]
[White "Probert, Luc"]
[Black "Hirschmann, Georges"]
[Result "1/2-1/2"]
[WhiteElo "1919"]
[BlackElo "1841"]
[PlyCount "117"]
[EventDate "2012.??.??"]

1. e4 e5 2. Nf3 Nf6 3. Nxe5 d6 4. Nf3 Nxe4 5. d4 d5 6. c4 Bb4+ 7. Nbd2 O-O 8.
Be2 c5 9. O-O cxd4 10. Nxd4 Bxd2 11. Bxd2 dxc4 12. Bb4 Re8 13. Bxc4 Qf6 14. Qf3
Qxf3 15. Nxf3 Nc6 16. Bd2 Bg4 17. Be3 Bxf3 18. gxf3 Nd6 19. Rac1 Nxc4 20. Rxc4
Re6 21. f4 Rd8 22. Kg2 f5 23. Rfc1 Rd7 24. b4 a6 25. a4 Red6 26. Kf3 Rd3 27.
Ke2 Rb3 28. Rxc6 bxc6 29. Rxc6 Rxb4 30. Rxa6 Rb2+ 31. Kf1 Ra2 32. a5 h6 33. Kg2
Rd3 34. Bb6 g5 35. Ra7 Rd6 36. Rc7 Ra4 37. fxg5 hxg5 38. Re7 Rg4+ 39. Kf1 Rd1+
40. Ke2 Ra1 41. Re5 Ra2+ 42. Kf3 Rf4+ 43. Kg2 Kf7 44. h3 Kf6 45. Re8 Re4 46.
Rg8 g4 47. hxg4 Rxg4+ 48. Rxg4 fxg4 49. Bc7 Kf5 50. Bg3 Rxa5 51. Bc7 Ra3 52.
Bg3 Ke4 53. Bb8 Rf3 54. Bc7 Kd3 55. Bg3 Ke2 56. Bh4 Rh3 57. Bg3 Rh5 58. Bc7 Rh3
59. Bg3 1/2-1/2

[Event "Championnat de Paris Open A"]
[Site "Paris"]
[Date "2012.07.10"]
[Round "4.91"]
[White "Marin, Emmanuel"]
[Black "Fayad, Erwan"]
[Result "0-1"]
[WhiteElo "1838"]
[BlackElo "1894"]
[PlyCount "60"]
[EventDate "2012.??.??"]

1. e4 c5 2. d4 cxd4 3. c3 Nf6 4. e5 Nd5 5. Bc4 Nb6 6. Bb3 d5 7. exd6 Qxd6 8.
Qxd4 Qxd4 9. cxd4 Nc6 10. Ne2 Bf5 11. Nbc3 e6 12. d5 exd5 13. Nxd5 Nxd5 14.
Bxd5 Nb4 15. Bb3 Nd3+ 16. Kd2 Bb4+ 17. Ke3 O-O 18. Kf3 h5 19. h3 Rfe8 20. Be3
Be4+ 21. Kg3 Bd6+ 22. Kh4 Bxg2 23. Rhg1 Re4+ 24. f4 Be7+ 25. Kg3 Rxe3+ 26. Kxg2
Rxe2+ 27. Kf3 Rf2+ 28. Ke3 Rd8 29. Rad1 Bc5+ 30. Ke4 Rxf4# 0-1

[Event "Championnat de Paris Open A"]
[Site "Paris"]
[Date "2012.07.10"]
[Round "4.92"]
[White "Larramendy, Pierre"]
[Black "Seme, Christian"]
[Result "1-0"]
[WhiteElo "1893"]
[BlackElo "1835"]
[PlyCount "119"]
[EventDate "2012.??.??"]

1. e4 c5 2. Nf3 d6 3. d4 cxd4 4. Nxd4 Nf6 5. Nc3 a6 6. Bg5 e6 7. f4 Be7 8. Qf3
h6 9. Bh4 Nbd7 10. O-O-O Qc7 11. Bd3 g5 12. Bg3 gxf4 13. Bxf4 Ne5 14. Bxe5 dxe5
15. Nb3 Bd7 16. g4 O-O-O 17. Kb1 Be8 18. Nd2 Nd7 19. Nc4 Nb6 20. Ne3 Rd6 21.
Be2 Rc6 22. Rd3 Nc4 23. Nxc4 Rxc4 24. Nd1 Bg5 25. Rc3 Rxc3 26. Nxc3 Bf4 27. h3
Bc6 28. Bd3 Rd8 29. Rf1 f5 30. gxf5 exf5 31. Ne2 fxe4 32. Bxe4 Bxe4 33. Qxe4
Qd7 34. a3 Qxh3 35. Rf3 Rd1+ 36. Ka2 Qe6+ 37. Rb3 Qf7 38. Qf3 Rd7 39. Nc3 Rc7
40. Kb1 Bg5 41. Qe2 Bf4 42. Ne4 Qg6 43. Qd3 Rd7 44. Rc3+ Kd8 45. Qc4 Qh7 46.
Qc8+ Ke7 47. Qxd7+ Kxd7 48. Nf6+ Kd6 49. Nxh7 e4 50. Rc8 Ke5 51. Re8+ Kf5 52.
c3 Be5 53. Nf8 h5 54. Kc2 Bg3 55. Nd7 Kf4 56. Kd2 Bf2 57. Ke2 e3 58. Ne5 Bg1
59. Kf1 Bh2 60. Kg2 1-0

[Event "Championnat de Paris Open A"]
[Site "Paris"]
[Date "2012.07.10"]
[Round "4.93"]
[White "Bernabeu, Xavier"]
[Black "Conq, Alain"]
[Result "0-1"]
[WhiteElo "1969"]
[BlackElo "1850"]
[PlyCount "62"]
[EventDate "2012.??.??"]

1. e4 c5 2. c3 d5 3. exd5 Qxd5 4. d4 Nc6 5. Nf3 Bg4 6. Be2 O-O-O 7. h3 Bh5 8.
O-O Nf6 9. c4 Qf5 10. d5 Bxf3 11. Bxf3 Nd4 12. Bg4 Nxg4 13. hxg4 Qg6 14. Na3 h5
15. g5 e6 16. Be3 Nf5 17. Bf4 Bd6 18. Bxd6 Nxd6 19. Qa4 a6 20. Qa5 Qxg5 21.
Qxc5+ Kb8 22. Rfe1 Rh6 23. Re3 Qg4 24. Qb6 Rd7 25. f3 Qg3 26. dxe6 fxe6 27. Re2
h4 28. Qf2 Nf5 29. Nc2 h3 30. Qc5 h2+ 31. Kh1 Qe1+ 0-1

[Event "Championnat de Paris Open A"]
[Site "Paris"]
[Date "2012.07.10"]
[Round "4.94"]
[White "Ek, Alexandre"]
[Black "Bourached, Anthony"]
[Result "1-0"]
[WhiteElo "1896"]
[BlackElo "1848"]
[PlyCount "109"]
[EventDate "2012.??.??"]

1. e4 c5 2. c3 d6 3. d4 Nf6 4. Bd3 g6 5. Nf3 Bg7 6. O-O O-O 7. Re1 Nc6 8. h3 e6
9. Be3 Nd7 10. Qd2 Re8 11. Bh6 Bh8 12. dxc5 dxc5 13. Na3 Nde5 14. Nxe5 Nxe5 15.
Be2 Qxd2 16. Bxd2 Rd8 17. Rad1 Bf6 18. Be3 b6 19. f4 Nc6 20. e5 Be7 21. Bf3 Bb7
22. g4 Na5 23. Bxb7 Nxb7 24. Kh2 a6 25. f5 b5 26. Bh6 c4 27. Nc2 Bc5 28. Bg5
Rd3 29. Rxd3 cxd3 30. Nb4 Bxb4 31. cxb4 exf5 32. gxf5 gxf5 33. Rg1 Kf8 34. Rd1
Kg7 35. Bf6+ Kg6 36. Rxd3 f4 37. Rd4 Kf5 38. Rd7 Rb8 39. Rxf7 a5 40. bxa5 Nxa5
41. Bd8+ Ke4 42. Bxa5 Rc8 43. Bd2 Rc2 44. Rxf4+ Kxe5 45. Rf2 Ke6 46. Be3 Rc4
47. b3 Re4 48. Bd2 Re5 49. a4 bxa4 50. bxa4 h5 51. a5 Kd7 52. Bc3 Rd5 53. Rd2
Kc6 54. Rxd5 Kxd5 55. Kg3 1-0

[Event "Championnat de Paris Open A"]
[Site "Paris"]
[Date "2012.07.10"]
[Round "4.95"]
[White "Zaky, Tamir"]
[Black "Komons, Christian"]
[Result "1-0"]
[WhiteElo "1888"]
[BlackElo "1846"]
[PlyCount "43"]
[EventDate "2012.??.??"]

1. e4 g6 2. d4 Bg7 3. f4 d6 4. Nf3 Nf6 5. Nc3 c6 6. Be2 b6 7. e5 dxe5 8. fxe5
Nd5 9. Ne4 f5 10. Nf2 Bb7 11. c4 Nc7 12. Nd3 O-O 13. Qb3 Kh8 14. h4 Ne6 15. Be3
Nc7 16. h5 Kg8 17. hxg6 hxg6 18. Nf4 Qe8 19. Ng5 e6 20. O-O-O Nd7 21. Bd2 c5
22. Qh3 1-0

[Event "Championnat de Paris Open A"]
[Site "Paris"]
[Date "2012.07.10"]
[Round "4.96"]
[White "Ignjatovic, Miroslav"]
[Black "Claisse, Patrick"]
[Result "0-1"]
[WhiteElo "1844"]
[BlackElo "1879"]
[PlyCount "102"]
[EventDate "2012.??.??"]

1. e4 c5 2. Nf3 Nc6 3. d4 cxd4 4. Nxd4 Nf6 5. Nc3 e6 6. Bg5 a6 7. Be2 Be7 8.
O-O O-O 9. Kh1 Qc7 10. f4 d6 11. Bf3 Bd7 12. Qd2 Rfd8 13. Rad1 Rac8 14. f5 Nxd4
15. Qxd4 Qc5 16. fxe6 Bxe6 17. Be3 Nd7 18. Qd2 Qc4 19. Be2 Qc6 20. Bd4 Ne5 21.
b3 Qc7 22. Qe3 b5 23. a3 Qb7 24. Ra1 Rd7 25. Ra2 Rdc7 26. Bd1 a5 27. Nd5 Bxd5
28. exd5 Qxd5 29. c3 Bf8 30. Rd2 Qe6 31. Bc2 g6 32. h3 Bg7 33. Rdf2 Nc6 34.
Qxe6 fxe6 35. Bxg7 Kxg7 36. Bd3 b4 37. axb4 axb4 38. c4 Ne5 39. Be4 Rf7 40.
Rxf7+ Nxf7 41. Ra1 Rd8 42. Ra7 Kf6 43. Bc6 d5 44. cxd5 exd5 45. Rb7 Ne5 46. Bb5
d4 47. Be2 d3 48. Bd1 d2 49. Kg1 Nd3 50. Kf1 Re8 51. Be2 d1=Q+ 0-1

[Event "Championnat de Paris Open A"]
[Site "Paris"]
[Date "2012.07.10"]
[Round "4.97"]
[White "Aron-Samuel, Emmanuel"]
[Black "Kvashyna, Tetyana"]
[Result "0-1"]
[WhiteElo "1842"]
[BlackElo "1875"]
[PlyCount "84"]
[EventDate "2012.??.??"]

1. c4 e6 2. Nc3 d5 3. d4 c6 4. Nf3 Nf6 5. e3 Bd6 6. Qc2 Nbd7 7. g4 Nxg4 8. Rg1
Nxh2 9. Nxh2 Bxh2 10. Rxg7 Nf6 11. Bd2 Bd6 12. Bd3 h5 13. O-O-O Bf8 14. Rgg1
Bh6 15. e4 Bxd2+ 16. Qxd2 dxe4 17. Nxe4 Qxd4 18. Qb4 Nxe4 19. Bxe4 Qxe4 20. Qd6
Qh4 21. Rd4 Qe7 22. Qe5 f6 23. Qg3 Qh7 24. Qd6 Bd7 25. Qc7 e5 26. Re1 Bf5 27.
Qa5 b6 28. Rxe5+ fxe5 29. Qxe5+ Kf7 30. Rf4 Kg8 31. Rxf5 Qh6+ 32. f4 Rh7 33.
Rf6 Qg7 34. Qd6 Qg1+ 35. Kc2 Qf2+ 36. Kc3 Qe3+ 37. Kc2 Qe4+ 38. Kc1 Rg7 39. Re6
Qh1+ 40. Kc2 Rg2+ 41. Kb3 Qh3+ 42. Ka4 Qf5 0-1

[Event "Championnat de Paris Open A"]
[Site "Paris"]
[Date "2012.07.10"]
[Round "4.98"]
[White "Chen, Mingson"]
[Black "Lao, Lenath"]
[Result "1/2-1/2"]
[WhiteElo "1866"]
[BlackElo "1826"]
[PlyCount "80"]
[EventDate "2012.??.??"]

1. e4 d6 2. Bc4 Nf6 3. Nc3 g6 4. d4 Bg7 5. Be3 O-O 6. f3 c6 7. Qd2 b5 8. Bb3 a5
9. a4 b4 10. Nd1 e5 11. Ne2 exd4 12. Nxd4 Ba6 13. c3 Re8 14. Nf2 bxc3 15. bxc3
d5 16. O-O-O dxe4 17. fxe4 Qe7 18. Rhe1 c5 19. Nb5 Bxb5 20. axb5 Nbd7 21. Qd6
Qxd6 22. Rxd6 Bf8 23. Ra6 Rxa6 24. bxa6 Ra8 25. e5 Nxe5 26. Bg5 Nfg4 27. Nxg4
Nd3+ 28. Kd2 Nxe1 29. Kxe1 Rxa6 30. Kd2 a4 31. Ba2 Rb6 32. Kc2 Bg7 33. Be3 h5
34. Nh6+ Bxh6 35. Bxh6 a3 36. Bc1 Rf6 37. Be3 Rb6 38. Bc1 Rf6 39. Be3 Rb6 40.
Bc1 Rf6 1/2-1/2

[Event "Championnat de Paris Open A"]
[Site "Paris"]
[Date "2012.07.10"]
[Round "4.99"]
[White "Nossein, Francis"]
[Black "Malara, Franck"]
[Result "0-1"]
[WhiteElo "1816"]
[BlackElo "1861"]
[PlyCount "118"]
[EventDate "2012.??.??"]

1. c4 e5 2. e4 Nc6 3. Bd3 Bc5 4. Nf3 Nf6 5. h3 d6 6. Bc2 Nd4 7. Nc3 a6 8. d3 c6
9. Rb1 b5 10. b4 Ba7 11. Bg5 h6 12. Bh4 g5 13. Bg3 g4 14. Nxd4 Bxd4 15. Ne2 Nh5
16. Nxd4 Nxg3 17. Nxc6 Qb6 18. fxg3 Qxc6 19. cxb5 axb5 20. Bb3 Qc3+ 21. Qd2
Qxd2+ 22. Kxd2 gxh3 23. gxh3 Be6 24. Bxe6 fxe6 25. Rb2 Rf8 26. Ke2 Kd7 27. Rf1
d5 28. Ke1 Rxf1+ 29. Kxf1 Ra3 30. Ke2 dxe4 31. Rd2 Ke7 32. Ke3 exd3 33. g4 Ra4
34. a3 Rxa3 35. Rxd3 Ra4 36. Rb3 Ra1 37. Kf2 Kf6 38. Re3 Rb1 39. Re4 Rb3 40.
Kg2 Rd3 41. h4 h5 42. gxh5 Kf5 43. Re1 Rd4 44. Kg3 Rd3+ 45. Kg2 e4 46. h6 Rd7
47. Rg1 Kg4 48. Ra1 Rd2+ 49. Kg1 e3 50. Ra5 Kf3 51. h7 Rd8 52. Rxb5 e2 53. Re5
Rh8 54. Kh2 Rxh7 55. h5 Rxh5+ 56. Rxh5 e1=Q 57. Rh3+ Kg4 58. Rd3 Qe5+ 59. Kg2
Qe4+ 0-1